000 00611nam a22002297a 4500
003 UA-OsUOA
001 44944
007 ta
008 20070319b un ||||| |||| 00| 0 ukr d
100 _aРибак С.
700 _aЛазебник Л.
090 _a330(4770
_bР-11
942 _cSA
040 _aUA-OsUOA
_bukr
_cUA-OsUOA
_dUA-OsUOA
245 _aФінансові аспекти економічного зростання в Україні
300 _aС.22-32
955 _a0
041 _aukr
080 _a330(4770
773 0 _w44942
650 7 _a330 Економіка взагалі
_2UDC
999 _c331057
_d331057